| 000 | 00623nam a22001937a 4500 | ||
|---|---|---|---|
| 999 |
_c190201 _d190201 |
||
| 005 | 20220720130237.0 | ||
| 010 | _aENG-133675 | ||
| 020 |
_a9788185835772 _c595.00 |
||
| 035 | _aEN-117207 | ||
| 037 | _bDBAD/PUB | ||
| 082 | _a327.54 | ||
| 245 |
_aLook and act east Policy: _bPotenttials and Contraints/ _cEd. by Rashpal Malhotra & Sucha Singh Gill |
||
| 260 |
_aChandigarh _bCRRID _c2015 |
||
| 270 |
_aSector-19A, Madhya Marg _bChandigarh _e160019 |
||
| 300 |
_a286 p. _c25 cm(Hbk) _bContributors Details |
||
| 700 | _aMalhotra, Rashpal | ||
| 700 | _aGill, Sucha Singh | ||
| 942 |
_2ddc _cEN _h327.54 _mLOO |
||